000 00501nam a2200193Ia 4500
005 20240823050522.0
008 240823s9999||||xx |||||||||||||| ||und||
020 _a978-93-80298-22-1
041 _aENGLISH
082 _A621.37 Q0
100 _aRichard Fitzpatrick
245 0 _aMaxwells Equations and the Principles of Electromagnetism
250 _a1st
260 _c2010
_bFirewall
_aNewDelhi
500 _aYES
650 _aMaxwell Equations
_bMathematics
942 _cBK
999 _c217445
_d217445